Makroekonomické prejavy a dôsledky inflácie a deflácie diplomová práca

Saved in:
Bibliographic Details
Main Author: Kristóf, Patrik
Corporate Author: Národohospodárska fakulta EU. Katedra ekonómie
Other Authors: Novák, Marcel, 1979-
Format: Book
Language:Slovak
Published: Bratislava 2016
Tags: Add Tag
No Tags, Be the first to tag this record!

MARC

LEADER 00000nbm a2200000 4500
001 0217921
005 20161108124829.3
041 0 |a slo 
044 |a SK 
245 1 0 |a Makroekonomické prejavy a dôsledky inflácie a deflácie  |b diplomová práca  |c Patrik Kristóf ; školiteľ: Marcel Novák 
264 1 |a Bratislava  |c 2016 
300 |a 83 s. 
100 1 |a Kristóf, Patrik 
700 1 |a Novák, Marcel, 1979- 
710 2 |a Národohospodárska fakulta EU. Katedra ekonómie